00501nam a2200145Ia 4500008004100000020001800041082001400059100002500073245007100098260001500169500001900184942000700203952013000210999001500340260604s9999 xx 000 0 und d a9781789663006 a005.7 MAT aCristina hall935833 0aLearning Analytics: Using Talent Data to Improve Business Outcomes bKOGAN PAGE aData Analytics cBK 00104070aIIMVbIIMVcGENERALd2026-06-04g4116.11l0o005.7 MATp004284r2026-06-04 10:21:09v4116.11w2026-06-04yBKBMAT c8666d8666